First Countries to Elect Female Leaders - Statistics

General Stats
  • This quiz has been taken 37 times
  • The average score is 7 of 10
Answer Stats
Name Years Country % Correct
Indira Gandhi 1966-1977, 1980-1984 India
100%
Margaret Thatcher 1979-1990 United Kingdom
100%
Isabel Martinez De Peron 1974-1976 Argentina
94%
Vigdís Finnbogadóttir 1980-1996 Iceland
94%
Golda Meir 1969-1974 Israel
88%
Sirimavo Bandaranaike 1960-1965, 1970-1977 Sri Lanka
79%
Maria Da Lourdes Pintasilgo 1979-1980 Portugal
73%
Dame Eugenia Charles 1980-1995 Dominica
39%
Lidia Gueiler Tejada 1979-1980 Bolivia
30%
Elisabeth Domitien 1975-1976 Central African Republic
18%
No matching quizzes found
Score Distribution
Percent of People with Each Score
Percentile by Number Answered
Your Score History
You have not taken this quiz